Представление документа в формате RUSMARC

ПолеНазваниеЗначение
  Тип записи a
  Библиографический уровень c
001 Контрольный номер RU/SLIB/B/208754363
005 Дата корректировки 20211119151220.9
010 Индекс ISBN __
d Цена 1-60
100 Данные общей обработки __
a Данные общей обработки 20211119d1989 m y0rusy028902 ca
101 Язык документа 0_
a Язык текста rus
102 Страна публикации __
a Страна публикации RU
105 Кодированные данные (монография) __
a Кодированные данные (монография) y z 000yy
181 Поле кодированных данных: вид содержания _0
a Код вида содержания (ISBD) i
182 Поле кодированных данных: тип средства _0
a Код типа средства (ISBD) n
200 Заглавие и сведения об ответственности 0_
a Заглавие Северный город ; Северный дом
f Первые сведения об ответственности Н. В. Суханов [и др.]
b Общее обозначение материала Текст
210 Выходные данные 1_
a Место издания Красноярск
c Издательство Стройиздат
d Дата издания 1989
215 Физическое описание __
a Объем 144 с.
517 Другие варианты заглавия 1_
a Другие варианты заглавия Северный дом
606 Тематические рубрики __
a Основная рубрика Изобразительное искусство и архитектура
606 Тематические рубрики __
a Основная рубрика Планировка и застройка городов
y Географическая подрубрика Россия
610 Ключевые слова 0_
a Ключевые слова городская архитектура; города; история городов; градостроительство; северные города
686 Индексы других классификаций __
a Классификационный индекс 85.118.2
702 Вторичная интеллектуальная ответственность _1
a Фамилия Суханов
b Имя Н. В.
4 Код отношения Автор
4 Код отношения 070
702 Вторичная интеллектуальная ответственность _1
a Фамилия Путинцев
b Имя Э. П.
4 Код отношения Автор
4 Код отношения 070
702 Вторичная интеллектуальная ответственность _1
a Фамилия Рязанов
b Имя А. В.
4 Код отношения Автор
4 Код отношения 070
801 Источник записи _0
a Страна RU
b Организация Муниципальное бюджетное учреждение культуры "Централизованная библиотечная система" г. Сургут (Центральная городская библиотека им. А. С. Пушкина)
g Правила каталогизации КиК/Уланова
801 Источник записи _1
a Страна RU
b Организация Муниципальное бюджетное учреждение культуры "Централизованная библиотечная система" г. Сургут (Центральная городская библиотека им. А. С. Пушкина)
g Правила каталогизации КиК/Уланова
852 Данные о местонахождении __
j Шифр хранения 85.118.2
c Каталожный индекс 85.118(21)
i Авторский знак С 28
p Инвентарный номер 40861
901 Тип документа __
t Тип документа x
969 Тип издания __
a Тип издания сборник
990 Данные о заказе (DOS) __
j Количество экземпляров (DOS) 1